White spirit bear
Sparad:
| Huvudupphovsman: | |
|---|---|
| Materialtyp: | Bok |
| Språk: | Undetermined |
| Publicerad: |
Canada
Hancock House
2000
|
| Ämnen: | |
| Taggar: |
Lägg till en tagg
Inga taggar, Lägg till första taggen!
|
| Thư viện lưu trữ: | Trung tâm Học liệu Trường Đại học Cần Thơ |
|---|
| LEADER | 00424nam a2200169Ia 4500 | ||
|---|---|---|---|
| 001 | CTU_55982 | ||
| 008 | 210402s9999 xx 000 0 und d | ||
| 082 | |a 599.78 | ||
| 082 | |b T341 | ||
| 100 | |a Tess Tessier | ||
| 245 | 0 | |a White spirit bear | |
| 245 | 0 | |c Tess Tessier | |
| 260 | |a Canada | ||
| 260 | |b Hancock House | ||
| 260 | |c 2000 | ||
| 650 | |a British Bears | ||
| 980 | |a Trung tâm Học liệu Trường Đại học Cần Thơ | ||